000
00271nam a2200109Ia 4500
003
GCL
008
140319s9999 xx 000 0 ara d
040
_a
GCL /
_c
GCL
245
1
0
_a
5072
300
_a
ّ
490
_a
سلسلة كتب فى طرق تدريس الرياضيات
_v
0
999
_c
27486
_d
27486